[Event "Tashkent IM 01"]
[Site "Tashkent"]
[Date "2015.03.04"]
[Round "1"]
[White "Kurbonboeva, Sarvinoz"]
[Black "Djuraev, Sokhib"]
[Result "0-1"]
[WhiteElo "2185"]
[BlackElo "2353"]
[PlyCount "84"]
[EventDate "2015.03.04"]
[EventType "tourn"]
[EventRounds "9"]
[EventCountry "UZB"]
[EventCategory "1"]
[SourceTitle "CBM 165 Extra"]
[Source "ChessBase"]
[SourceDate "2015.04.21"]
[SourceVersion "1"]
[SourceVersionDate "2015.04.21"]
[SourceQuality "1"]

1. c4 Nf6 2. Nc3 g6 3. g3 Bg7 4. Bg2 0-0 5. b4 c6 6. e4 e5 7. Nge2 d6 8. d4 exd4 9. Nxd4 c5 10. bxc5 Qa5 11. Qd3 dxc5 12. Nb3 Rd8 13. Nxa5 Rxd3 14. Bb2 Ng4 15. Nd1 Nc6 16. Nxc6 bxc6 17. Bxg7 Kxg7 18. 0-0 Ba6 19. h3 Ne5 20. Ne3 Rb8 21. Rab1 Rb4 22. Rfc1 Ra3 23. Rxb4 cxb4 24. Rc2 Rc3 25. Bf1 c5 26. Kg2 Bb7 27. Rxc3 Bxe4+ 28. f3 Bxf3+ 29. Kf2 bxc3 30. Be2 Be4 31. Ke1 f5 32. Kd1 g5 33. Nd5 c2+ 34. Kd2 Nc6 35. Nc3 Nd4 36. Bh5 Bc6 37. Ne2 Nxe2 38. Bxe2 Be4 39. Bh5 Kf6 40. a3 Ke5 41. Bf7 Kd4 42. Bg8 f4 0-1

[Event "Tashkent IM 02"]
[Site "Tashkent"]
[Date "2015.03.03"]
[Round "9"]
[White "Djuraev, Sokhib"]
[Black "Kholmirzaev, Bakhodir"]
[Result "0-1"]
[WhiteElo "2353"]
[BlackElo "2322"]
[PlyCount "158"]
[EventDate "2015.02.27"]
[EventType "tourn"]
[EventRounds "9"]
[EventCountry "UZB"]
[EventCategory "2"]
[SourceTitle "CBM 165 Extra"]
[Source "ChessBase"]
[SourceDate "2015.04.21"]
[SourceVersion "1"]
[SourceVersionDate "2015.04.21"]
[SourceQuality "1"]

1. e4 c5 2. Nf3 Nf6 3. e5 Nd5 4. Nc3 Nc7 5. d4 cxd4 6. Qxd4 Nc6 7. Qe4 Ne6 8. Bc4 g6 9. Bf4 Bg7 10. 0-0-0 Qa5 11. Rd5 Qc7 12. Bg3 a6 13. Bb3 b5 14. Rhd1 Qb6 15. Kb1 Ra7 16. R5d2 Na5 17. Nd5 Qc5 18. Qb4 Qxb4 19. Nxb4 Nxb3 20. axb3 a5 21. Nd5 Bb7 22. Nd4 Nxd4 23. Rxd4 Bc6 24. f4 h6 25. c4 b4 26. R4d2 Rb7 27. Re2 e6 28. Nf6+ Bxf6 29. exf6 0-0 30. h4 d5 31. Bf2 Ra8 32. Bc5 Rc8 33. Be7 Kh7 34. Rdd2 Ra8 35. Re5 a4 36. cxd5 Bxd5 37. bxa4 Rxa4 38. Rd4 Rc7 39. b3 Bxb3 40. Rxb4 Rxb4 41. Bxb4 Bd5 42. Be7 Rc4 43. g3 Rc3 44. g4 Rc4 45. Re3 Rxf4 46. Rg3 Bf3 47. Bd6 Be4+ 48. Kc1 Rxf6 49. Kd2 Rf1 50. Ke2 Rh1 51. Be7 Kg7 52. Rc3 Rh2+ 53. Ke1 g5 54. hxg5 hxg5 55. Bxg5 Rg2 56. Bf4 Rxg4 57. Rg3 Rxg3 58. Bxg3 Kf6 59. Bc7 Bc6 60. Kf2 e5 61. Ke3 Ke6 62. Bd8 f5 63. Bg5 Kf7 64. Bh6 Kf6 65. Bf8 f4+ 66. Kf2 Ke6 67. Bh6 Be8 68. Bg5 Bh5 69. Bh6 Bg4 70. Bg5 Kf5 71. Bd8 e4 72. Bb6 Ke6 73. Ba7 Kd5 74. Bb8 e3+ 75. Ke1 Ke4 76. Bd6 Bd7 77. Kf1 Bb5+ 78. Ke1 f3 79. Bg3 Kf5 0-1

[Event "Tashkent IM 02"]
[Site "Tashkent"]
[Date "2015.03.02"]
[Round "7"]
[White "Djuraev, Sokhib"]
[Black "Dmitrenko, Viktor"]
[Result "0-1"]
[WhiteElo "2353"]
[BlackElo "2350"]
[PlyCount "100"]
[EventDate "2015.02.27"]
[EventType "tourn"]
[EventRounds "9"]
[EventCountry "UZB"]
[EventCategory "2"]
[SourceTitle "CBM 165 Extra"]
[Source "ChessBase"]
[SourceDate "2015.04.21"]
[SourceVersion "1"]
[SourceVersionDate "2015.04.21"]
[SourceQuality "1"]

1. e4 e6 2. d4 d5 3. e5 c5 4. c3 Nc6 5. Nf3 Qb6 6. a3 Bd7 7. b4 cxd4 8. cxd4 Rc8 9. Be3 a5 10. b5 Nce7 11. a4 Nf5 12. Bd3 Bb4+ 13. Nbd2 Nge7 14. 0-0 0-0 15. Kh1 f6 16. Rc1 Nxe3 17. fxe3 Rxc1 18. Qxc1 Be8 19. Qc2 Bg6 20. Bxg6 Nxg6 21. exf6 gxf6 22. Rc1 Ne7 23. Qd3 Rc8 24. Rxc8+ Nxc8 25. e4 Qc7 26. e5 Qc3 27. Qxc3 Bxc3 28. Nb3 fxe5 29. dxe5 Bb4 30. Ng5 Nb6 31. Nxe6 Nxa4 32. Ned4 Nc5 33. Nc1 Bc3 34. Nce2 Bb2 35. Nf5 Kf7 36. Nf4 Bxe5 37. Nxd5 Ke6 38. Nfe3 Bd4 39. Nc7+ Kd7 40. Nc2 Kxc7 41. Nxd4 a4 42. g4 a3 43. Nc2 a2 44. h4 Kb6 45. g5 Ne6 46. Kg2 Kxb5 47. Kf2 Kc4 48. Ke1 Kc3 49. Kd1 Kb2 50. Kd2 b5 0-1

[Event "Tashkent IM 02"]
[Site "Tashkent"]
[Date "2015.03.01"]
[Round "6"]
[White "Rustamov, Alisher"]
[Black "Djuraev, Sokhib"]
[Result "1/2-1/2"]
[WhiteElo "2211"]
[BlackElo "2353"]
[PlyCount "97"]
[EventDate "2015.02.27"]
[EventType "tourn"]
[EventRounds "9"]
[EventCountry "UZB"]
[EventCategory "2"]
[SourceTitle "CBM 165 Extra"]
[Source "ChessBase"]
[SourceDate "2015.04.21"]
[SourceVersion "1"]
[SourceVersionDate "2015.04.21"]
[SourceQuality "1"]

1. e4 c5 2. Nc3 Nc6 3. g3 g6 4. Bg2 Bg7 5. d3 e6 6. Be3 Nd4 7. Nce2 Qb6 8. c3 Nxe2 9. Qxe2 Ne7 10. Nf3 d5 11. 0-0 d4 12. cxd4 cxd4 13. Bc1 Bd7 14. a4 Rc8 15. Nd2 Qa6 16. Ra3 Nc6 17. Nc4 Na5 18. Nxa5 Qxa5 19. f4 0-0 20. Ra2 Rfe8 21. Bd2 Qa6 22. Bb4 Bf8 23. Bxf8 Rxf8 24. g4 Rfe8 25. Ra3 Qb6 26. Qf2 f5 27. h4 fxg4 28. h5 e5 29. f5 gxh5 30. f6 Kh8 31. Qh4 Qe6 32. Qxh5 Rf8 33. f7 Rc5 34. b4 Rc3 35. Ra2 Rxd3 36. Raf2 Rf3 37. Bxf3 gxf3 38. Rxf3 Qg6+ 39. Qxg6 hxg6 40. b5 Kg7 41. Rf6 Bf5 42. Rd6 Bxe4 43. Re1 Bc2 44. Rxe5 d3 45. Re7 Bxa4 46. Rxb7 Rxf7 47. Rxf7+ Kxf7 48. Rxd3 Bxb5 49. Rd5 1/2-1/2

[Event "Tashkent IM 02"]
[Site "Tashkent"]
[Date "2015.02.28"]
[Round "3"]
[White "Djuraev, Sokhib"]
[Black "Faizulaev, Akmal"]
[Result "0-1"]
[WhiteElo "2353"]
[BlackElo "2315"]
[PlyCount "84"]
[EventDate "2015.02.27"]
[EventType "tourn"]
[EventRounds "9"]
[EventCountry "UZB"]
[EventCategory "2"]
[SourceTitle "CBM 165 Extra"]
[Source "ChessBase"]
[SourceDate "2015.04.21"]
[SourceVersion "1"]
[SourceVersionDate "2015.04.21"]
[SourceQuality "1"]

1. e4 e5 2. Nf3 Nc6 3. d4 exd4 4. Nxd4 Bb4+ 5. c3 Bc5 6. Be3 Bb6 7. Nf5 Bxe3 8. Nxe3 Nf6 9. Bd3 0-0 10. c4 d6 11. Nc3 Ne5 12. 0-0 Re8 13. f4 Ng6 14. Qd2 Bd7 15. Rae1 a6 16. a3 Bc6 17. Nf5 Qb8 18. Kh1 Qa7 19. b4 a5 20. b5 Bd7 21. e5 dxe5 22. fxe5 Bxf5 23. Rxf5 Ng4 24. Nd5 Rxe5 25. Rfxe5 N6xe5 26. b6 cxb6 27. Bf5 b5 28. Bxg4 Nxg4 29. h3 Nf2+ 30. Kh2 bxc4 31. Re7 Qc5 32. Qg5 Qd6+ 33. Kg1 Nd3 34. Rd7 Qc5+ 35. Kh2 h6 36. Rd8+ Rxd8 37. Qxd8+ Kh7 38. Ne7 Qe5+ 39. Kg1 h5 40. Qg8+ Kh6 41. Qxf7 Qe3+ 42. Kh1 Qc1+ 0-1

[Event "Tashkent IM 02"]
[Site "Tashkent"]
[Date "2015.02.27"]
[Round "1"]
[White "Kuybokarov, Temur"]
[Black "Djuraev, Sokhib"]
[Result "1-0"]
[WhiteElo "2274"]
[BlackElo "2353"]
[PlyCount "127"]
[EventDate "2015.02.27"]
[EventType "tourn"]
[EventRounds "9"]
[EventCountry "UZB"]
[EventCategory "2"]
[SourceTitle "CBM 165 Extra"]
[Source "ChessBase"]
[SourceDate "2015.04.21"]
[SourceVersion "1"]
[SourceVersionDate "2015.04.21"]
[SourceQuality "1"]

1. e4 c6 2. d4 g6 3. Nf3 Bg7 4. Be2 d6 5. 0-0 Nf6 6. Nc3 0-0 7. h3 Nbd7 8. e5 Ne8 9. Bf4 dxe5 10. dxe5 Nc7 11. Qc1 Ne6 12. Bh6 Qa5 13. Bxg7 Kxg7 14. Qe3 Qb6 15. Qxb6 Nxb6 16. Rfd1 Nf4 17. Bf1 Bf5 18. Rd2 Rad8 19. Rad1 Rxd2 20. Rxd2 h6 21. g4 Be6 22. b3 g5 23. Kh2 Nd7 24. Bc4 Nb6 25. Bxe6 Nxe6 26. Ne4 Rd8 27. Rxd8 Nxd8 28. Nd4 e6 29. Kg3 Nd7 30. f4 c5 31. Nf3 gxf4+ 32. Kxf4 Nc6 33. c3 Ne7 34. Ke3 Nd5+ 35. Kd3 Nf4+ 36. Kc4 Nxh3 37. Nxc5 Nxc5 38. Kxc5 Nf2 39. Kd6 Nxg4 40. c4 Ne3 41. Kc7 b6 42. Kb7 f6 43. Kxa7 fxe5 44. Kxb6 e4 45. Ng1 h5 46. a4 Nc2 47. a5 Nb4 48. Kc5 Na6+ 49. Kd4 Kf6 50. Kxe4 Nc5+ 51. Kf4 e5+ 52. Kg3 Na6 53. Nh3 Kf5 54. Kf3 h4 55. Nf2 e4+ 56. Nxe4 Ke5 57. Ke3 h3 58. Nf2 h2 59. Ng4+ Kd6 60. Nxh2 Kc5 61. Nf3 Kb4 62. Nd4 Kxa5 63. Nc2 Kb6 64. b4 1-0

[Event "Al Ain op 2nd"]
[Site "Al Ain"]
[Date "2013.12.19"]
[Round "1"]
[White "Djuraev, Sokhib"]
[Black "Afshar, Niusha"]
[Result "1-0"]
[WhiteElo "2355"]
[BlackElo "1992"]
[PlyCount "67"]
[EventDate "2013.12.19"]
[EventType "swiss"]
[EventRounds "9"]
[EventCountry "UAE"]
[SourceTitle "CBM 158 Extra"]
[Source "ChessBase"]
[SourceDate "2014.02.28"]
[SourceVersion "1"]
[SourceVersionDate "2014.02.28"]
[SourceQuality "1"]

1. e4 c5 2. Ne2 Nc6 3. d4 cxd4 4. Nxd4 Nf6 5. Nc3 e6 6. a3 Be7 7. Bf4 d6 8. Nxc6 bxc6 9. e5 Nd5 10. exd6 Nxf4 11. dxe7 Qxd1+ 12. Nxd1 Kxe7 13. g3 Nd5 14. c4 Nb6 15. Nc3 a5 16. 0-0-0 a4 17. Bg2 Bb7 18. c5 Nd7 19. Ne4 Ra5 20. Nd6 Ba6 21. Nf5+ exf5 22. Rhe1+ Kd8 23. Bxc6 Bc8 24. Bxd7 Bxd7 25. c6 Ra7 26. Re5 f4 27. Red5 fxg3 28. fxg3 Ke7 29. Rxd7+ Rxd7 30. Rxd7+ Kf6 31. c7 Rc8 32. Kc2 h5 33. Kc3 g5 34. Kb4 1-0

[Event "Central Asia Cup 3rd"]
[Site "Dushanbe"]
[Date "2013.10.19"]
[Round "8"]
[White "Khouseinov, Rashid"]
[Black "Djuraev, Sokhib"]
[Result "0-1"]
[WhiteElo "2274"]
[BlackElo "2354"]
[PlyCount "138"]
[EventDate "2013.10.12"]
[EventType "swiss"]
[EventRounds "9"]
[EventCountry "TJK"]
[SourceTitle "EXT 2014"]
[Source "ChessBase"]
[SourceDate "2013.11.20"]
[SourceVersion "1"]
[SourceVersionDate "2013.11.20"]
[SourceQuality "1"]

1. g3 c5 2. Bg2 d5 3. d3 Nc6 4. Nd2 e6 5. e4 Nge7 6. Ngf3 g6 7. 0-0 Bg7 8. Re1 b6 9. e5 Qc7 10. Qe2 h6 11. h4 Bb7 12. c3 0-0-0 13. Nf1 d4 14. c4 g5 15. hxg5 Ng6 16. N1h2 Nce7 17. Ng4 Nf5 18. gxh6 Bxh6 19. Nxh6 Nxh6 20. Ng5 Bxg2 21. Kxg2 Qb7+ 22. Qe4 Ng4 23. Nf3 Rdg8 24. Qxb7+ Kxb7 25. Re4 Nh6 26. Bg5 Nf5 27. Bf6 Rh6 28. Rh1 Rxh1 29. Kxh1 Kc6 30. Ng5 Nh6 31. Kg2 Kd7 32. g4 Nxe5 33. Bxe5 Rxg5 34. f3 f5 35. Re1 fxg4 36. Bf4 Rg6 37. Rh1 gxf3+ 38. Kxf3 Nf5 39. Be5 Rh6 40. Rxh6 Nxh6 41. b4 Nf7 42. Bf6 e5 43. b5 Ke6 44. Bh4 Nd6 45. Bg3 Kf5 46. Ke2 Nf7 47. Kf3 Ng5+ 48. Ke2 Ne6 49. Kd2 Nc7 50. Ke2 Ne8 51. a4 Nd6 52. Bh2 Ke6 53. Bg3 Nf5 54. Be1 Nd6 55. a5 Kf5 56. a6 Kg4 57. Ba5 Ne8 58. Bd2 Nc7 59. Be1 Ne6 60. Kd2 Nf8 61. Ke2 Nd7 62. Bf2 e4 63. dxe4 Ne5 64. Bg1 Kf4 65. Bh2+ Kxe4 66. Bg3 d3+ 67. Kd1 Kd4 68. Kc1 Nxc4 69. Bc7 Kc3 0-1

[Event "Agzamov Memorial 07th"]
[Site "Tashkent"]
[Date "2013.04.16"]
[Round "3"]
[White "Turov, Maxim"]
[Black "Djuraev, Sokhib"]
[Result "1-0"]
[WhiteElo "2597"]
[BlackElo "2350"]
[PlyCount "121"]
[EventDate "2013.04.14"]
[EventType "swiss"]
[EventRounds "9"]
[EventCountry "UZB"]
[SourceTitle "CBM 154 Extra"]
[Source "ChessBase"]
[SourceDate "2013.06.25"]
[SourceVersion "2"]
[SourceVersionDate "2013.06.25"]
[SourceQuality "1"]

1. d4 Nf6 2. c4 g6 3. Nc3 Bg7 4. e4 d6 5. f4 0-0 6. Nf3 c5 7. dxc5 dxc5 8. Qxd8 Rxd8 9. e5 Ng4 10. h3 Nh6 11. Be3 b6 12. g4 Nc6 13. Bg2 Nb4 14. Ke2 Ba6 15. b3 Bb7 16. Rad1 f6 17. a3 Nc2 18. Nd5 Bxd5 19. cxd5 Nxa3 20. e6 Nb5 21. Rd3 Kf8 22. Nd2 Nd6 23. Nc4 Ng8 24. Rc1 Rdc8 25. Rdd1 Rab8 26. Kf3 Ke8 27. Bf1 Kd8 28. Bd3 a5 29. f5 Bh6 30. fxg6 hxg6 31. Bxg6 Bxe3 32. Nxe3 Kc7 33. h4 Nh6 34. Rg1 Rg8 35. Bd3 Rg7 36. Rg2 Ra8 37. Ke2 Kb7 38. g5 fxg5 39. hxg5 Ng8 40. Rg4 Rc8 41. Nc4 Kc7 42. Ne5 Rf8 43. Ng6 Rd8 44. Rf1 Nb5 45. Bxb5 Rxg6 46. Bd3 Rg7 47. Rf7 Nh6 48. Rxg7 Nxg4 49. Rxe7+ Kd6 50. Rb7 Ne5 51. Be4 c4 52. bxc4 a4 53. Rxb6+ Kc5 54. e7 Re8 55. Re6 Nxc4 56. Bg6 Kxd5 57. Bf7 Nd6 58. Rxd6+ Kxd6 59. Bxe8 a3 60. Bf7 Kd7 61. Ba2 1-0

[Event "Central Asia Cup 2nd"]
[Site "Bishkek"]
[Date "2012.06.17"]
[Round "6"]
[White "Takyrbashev, Bolot"]
[Black "Djuraev, Sokhib"]
[Result "0-1"]
[WhiteElo "2151"]
[BlackElo "2375"]
[PlyCount "82"]
[EventDate "2012.06.12"]
[EventType "swiss"]
[EventRounds "9"]
[EventCountry "KGZ"]
[SourceTitle "EXT 2013"]
[Source "ChessBase"]
[SourceDate "2012.11.22"]
[SourceVersion "1"]
[SourceVersionDate "2012.11.22"]
[SourceQuality "1"]

1. d4 d6 2. e4 g6 3. f4 Bg7 4. Nf3 c5 5. d5 Nf6 6. Nc3 0-0 7. Be2 e6 8. dxe6 fxe6 9. e5 dxe5 10. Qxd8 Rxd8 11. fxe5 Nfd7 12. Bg5 Rf8 13. Be7 Rf7 14. Bd6 Nc6 15. Ng5 Rf5 16. Nxe6 Bxe5 17. Bxe5 Rxe5 18. Nc7 Rb8 19. 0-0-0 Nb6 20. Rd6 Nd4 21. Rd8+ Kg7 22. Bb5 a6 23. Be8 Ne2+ 24. Nxe2 Rxe2 25. Rhd1 Re7 26. Nd5 Nxd5 27. R1xd5 Be6 28. R5d6 Rxd8 29. Rxd8 Bg4 30. Rb8 Kf6 31. h3 Bf5 32. Kd2 h5 33. h4 Be4 34. g3 Kf5 35. a4 Kg4 36. Kc3 Kxg3 37. Kc4 Rc7 38. Rd8 Kxh4 39. Rd6 Kg5 40. c3 Bf5 41. a5 h4 0-1

[Event "Central Asia Cup 2nd"]
[Site "Bishkek"]
[Date "2012.06.15"]
[Round "4"]
[White "Gevorgyan, Irina"]
[Black "Djuraev, Sokhib"]
[Result "1-0"]
[WhiteElo "2156"]
[BlackElo "2375"]
[PlyCount "99"]
[EventDate "2012.06.12"]
[EventType "swiss"]
[EventRounds "9"]
[EventCountry "KGZ"]
[SourceTitle "EXT 2013"]
[Source "ChessBase"]
[SourceDate "2012.11.22"]
[SourceVersion "1"]
[SourceVersionDate "2012.11.22"]
[SourceQuality "1"]

1. d4 d6 2. Nf3 g6 3. e4 Bg7 4. Be2 Nf6 5. Nc3 0-0 6. 0-0 c6 7. a4 a5 8. Re1 Bg4 9. h3 Bxf3 10. Bxf3 e5 11. dxe5 dxe5 12. Be3 Qe7 13. Qe2 Na6 14. Qc4 Nd7 15. Bg4 Ndc5 16. Rad1 h5 17. Be2 Ne6 18. Nb1 Nd4 19. Na3 Qb4 20. c3 Qxb2 21. cxd4 Qxa3 22. d5 cxd5 23. exd5 Qd6 24. Qb5 Rfc8 25. Qxa5 Nb4 26. Qb6 Bf8 27. Bb5 Nc2 28. Re2 Nxe3 29. Qxe3 Bg7 30. Qb3 Rc7 31. Rc2 Rac8 32. Rdc1 Rxc2 33. Rxc2 Rxc2 34. Qxc2 Qxd5 35. Qc7 Qd1+ 36. Kh2 Qd2 37. Qxb7 Qxf2 38. Qf3 Qd4 39. Be8 Qc4 40. Bc6 Bh6 41. Bd5 Qc7 42. Qe4 Kg7 43. h4 Bd2 44. g3 Ba5 45. Qc4 Qb6 46. Qf1 f5 47. Qb5 Qf2+ 48. Bg2 Be1 49. Qxe5+ Kf7 50. Kh3 1-0

[Event "Central Asia Cup 2nd"]
[Site "Bishkek"]
[Date "2012.06.13"]
[Round "2"]
[White "Shabdanov, Moldobek"]
[Black "Djuraev, Sokhib"]
[Result "0-1"]
[WhiteElo "2153"]
[BlackElo "2375"]
[PlyCount "128"]
[EventDate "2012.06.12"]
[EventType "swiss"]
[EventRounds "9"]
[EventCountry "KGZ"]
[SourceTitle "EXT 2013"]
[Source "ChessBase"]
[SourceDate "2012.11.22"]
[SourceVersion "1"]
[SourceVersionDate "2012.11.22"]
[SourceQuality "1"]

1. Nf3 g6 2. c4 Bg7 3. Nc3 d6 4. d4 Nf6 5. e4 0-0 6. Be2 Bg4 7. 0-0 Nfd7 8. h3 Bxf3 9. Bxf3 Nc6 10. Be3 e5 11. Ne2 exd4 12. Nxd4 Qf6 13. Nxc6 bxc6 14. Rb1 Rfe8 15. Qa4 Qe7 16. e5 d5 17. cxd5 Nxe5 18. Qf4 c5 19. Be2 Rab8 20. Qa4 Qd6 21. Rfd1 Nd7 22. Bb5 Nb6 23. Qc2 Rxe3 24. fxe3 c4 25. Bxc4 Qg3 26. b3 Be5 27. Qf2 Qh2+ 28. Kf1 Bd6 29. Rbc1 Re8 30. Be2 f5 31. Bf3 Nd7 32. Ke2 Bc5 33. Rc3 Qe5 34. Rdc1 Bd4 35. Qe1 Bxe3 36. Kf1 Bxc1 37. Qxe5 Nxe5 38. Rxc1 Nxf3 39. gxf3 Re7 40. Kf2 Kf7 41. Rc5 f4 42. Ra5 Kf6 43. Rxa7 Ke5 44. Ra4 Rf7 45. Ra5 Kd6 46. b4 Rf5 47. a4 Rf8 48. Rb5 Ke5 49. a5 Kd4 50. a6 Ra8 51. Ra5 Ra7 52. Ke2 Kc4 53. Rc5+ Kxb4 54. Rc6 Kb5 55. Kd3 Rxa6 56. Rxa6 Kxa6 57. Ke4 g5 58. Ke5 Kb5 59. Kd4 Kb4 60. Kd3 Kc5 61. Ke4 Kc4 62. Ke5 Kd3 63. h4 gxh4 64. Kxf4 h5 0-1

[Event "Asian Continental op 11th"]
[Site "Ho Chi Minh City"]
[Date "2012.05.13"]
[Round "9"]
[White "Djuraev, Sokhib"]
[Black "Jumabayev, Rinat"]
[Result "1/2-1/2"]
[WhiteElo "2375"]
[BlackElo "2556"]
[PlyCount "184"]
[EventDate "2012.05.05"]
[EventType "swiss"]
[EventRounds "9"]
[EventCountry "VIE"]
[SourceTitle "CBM 148 Extra"]
[Source "ChessBase"]
[SourceDate "2012.06.22"]
[SourceVersion "1"]
[SourceVersionDate "2012.06.22"]
[SourceQuality "1"]

1. e4 c5 2. Nf3 e6 3. Nc3 Nc6 4. Be2 Nf6 5. 0-0 Be7 6. b3 d5 7. exd5 Nxd5 8. Nxd5 Qxd5 9. Bb2 0-0 10. Re1 b6 11. Bd3 Bb7 12. Be4 Qd6 13. Ne5 Bf6 14. Nc4 Qe7 15. Bxf6 Qxf6 16. a4 Rfd8 17. d3 Rab8 18. Re3 Nd4 19. Bxb7 Nxc2 20. Re5 Nxa1 21. Bf3 g6 22. Be2 Nxb3 23. Qxb3 Rd5 24. Re3 Qa1+ 25. Bf1 a6 26. g3 b5 27. axb5 Rxb5 28. Qa3 Rb1 29. Qxa1 Rxa1 30. Kg2 a5 31. Re4 a4 32. Ne3 Rd4 33. Re5 Rc1 34. Nc4 Rd5 35. Re2 Rxd3 36. Ra2 Rdd1 37. Ne3 Ra1 38. Rb2 Rd8 39. Nc2 Rc1 40. Na3 Rc3 41. Nb5 Rb3 42. Rc2 Rb8 43. Rxc5 a3 44. Nd4 Rb2 45. Ra5 a2 46. Bc4 Rd8 47. Nf3 Rc8 48. Rxa2 Rxa2 49. Bxa2 Rc3 50. h4 Kg7 51. Ne1 e5 52. Bd5 f5 53. f4 e4 54. Kf2 Kf6 55. Bg8 h6 56. Bd5 g5 57. hxg5+ hxg5 58. Bb7 g4 59. Bd5 Ke7 60. Bg8 Kd7 61. Bh7 Ke6 62. Bg8+ Kf6 63. Bd5 Ke7 64. Bg8 Rc1 65. Ng2 Rc2+ 66. Kf1 Rc3 67. Nh4 Kf8 68. Be6 Rxg3 69. Bxf5 e3 70. Be4 Rh3 71. Ng2 Kg7 72. Ke2 Kh6 73. Bc6 Rh2 74. Kxe3 Rh3+ 75. Ke4 Rc3 76. Bd5 g3 77. Kf5 Rc5 78. Ke6 Rc2 79. Be4 Rc3 80. f5 Rc4 81. Bd5 Rc2 82. f6 Re2+ 83. Kf5 Rf2+ 84. Nf4 Rf1 85. Kg4 Rb1 86. Kf5 Rb2 87. Be4 Rb5+ 88. Kg4 Rb4 89. Kf3 Rb6 90. Nd5 Re6 91. Bd3 Rd6 92. Be4 Re6 1/2-1/2

[Event "Asian Continental op 11th"]
[Site "Ho Chi Minh City"]
[Date "2012.05.09"]
[Round "5"]
[White "Djuraev, Sokhib"]
[Black "Ton That Nhu, Tung"]
[Result "1/2-1/2"]
[WhiteElo "2375"]
[BlackElo "2144"]
[PlyCount "103"]
[EventDate "2012.05.05"]
[EventType "swiss"]
[EventRounds "9"]
[EventCountry "VIE"]
[SourceTitle "CBM 148 Extra"]
[Source "ChessBase"]
[SourceDate "2012.06.22"]
[SourceVersion "1"]
[SourceVersionDate "2012.06.22"]
[SourceQuality "1"]

1. e4 c6 2. d4 d5 3. e5 Bf5 4. Nf3 e6 5. Be2 c5 6. Be3 cxd4 7. Nxd4 Ne7 8. f4 Nbc6 9. Nd2 Nxd4 10. Bxd4 Nc6 11. Nf3 Be4 12. 0-0 Be7 13. c3 0-0 14. Bd3 Bxf3 15. Rxf3 Nxd4 16. cxd4 Qb6 17. Bc2 f5 18. Rb3 Qc6 19. Rc1 Qd7 20. Kh1 Kh8 21. g4 g6 22. Rh3 Rf7 23. Ba4 b5 24. Bc2 Bd8 25. Qe2 Bb6 26. Rd1 Rg8 27. Bb1 a6 28. Rc3 Rc8 29. Rg3 Qe7 30. b3 Rcf8 31. Qd2 Qa7 32. Qe3 b4 33. Qd2 a5 34. Qe3 Rc7 35. Qd2 Rfc8 36. gxf5 gxf5 37. Rg5 Rg7 38. h4 Rcg8 39. Qf2 h6 40. Rxg7 Qxg7 41. Rg1 Qxg1+ 42. Qxg1 Rxg1+ 43. Kxg1 Kg7 44. Kf2 Bxd4+ 45. Kf3 Bc3 46. h5 Kf7 47. Bd3 Bd2 48. Be2 Ke7 49. Bb5 Kd8 50. Bd3 Kc7 51. Bb5 Bc1 52. Kg3 1/2-1/2

[Event "Melaka-chA"]
[Site "Melaka"]
[Date "2012.04.29"]
[Round "8"]
[White "Djuraev, Sokhib"]
[Black "Suharto, Moh Wahyu Repelita"]
[Result "1-0"]
[WhiteElo "2377"]
[BlackElo "2066"]
[PlyCount "93"]
[EventDate "2012.04.23"]
[EventType "swiss"]
[EventRounds "9"]
[EventCountry "MAS"]
[SourceTitle "CBM 148 Extra"]
[Source "ChessBase"]
[SourceDate "2012.06.22"]
[SourceVersion "1"]
[SourceVersionDate "2012.06.22"]
[SourceQuality "1"]

1. e4 e6 2. d4 d5 3. e5 c5 4. c3 Nc6 5. Nf3 cxd4 6. cxd4 f6 7. Bd3 Qa5+ 8. Nc3 fxe5 9. Nxe5 Nf6 10. 0-0 Bd6 11. Bf4 Bb8 12. Bb5 Qb6 13. Bxc6+ bxc6 14. Na4 Qb5 15. Nc5 0-0 16. Qd2 a5 17. a4 Qb6 18. Rfe1 Bxe5 19. Bxe5 Ng4 20. f3 Nxe5 21. Rxe5 Ra7 22. Rae1 Re8 23. f4 g6 24. h4 Rf7 25. h5 Rf6 26. g3 gxh5 27. Rxh5 Rg6 28. Kh2 Rf8 29. b3 Qc7 30. Ree5 Qg7 31. Rhg5 h6 32. Rxg6 Qxg6 33. Qd3 Qxd3 34. Nxd3 Kf7 35. b4 axb4 36. Nxb4 Bd7 37. Na6 Ke7 38. Re3 Kd6 39. Rb3 Ra8 40. Nc5 Bc8 41. g4 Ra7 42. Kg3 Ra5 43. Rb8 Kc7 44. Rb2 Kd6 45. Rh2 Ra8 46. Rxh6 Rb8 47. Rh8 1-0

[Event "Melaka-chA"]
[Site "Melaka"]
[Date "2012.04.28"]
[Round "7"]
[White "Dimakiling, Oliver"]
[Black "Djuraev, Sokhib"]
[Result "1-0"]
[WhiteElo "2447"]
[BlackElo "2377"]
[PlyCount "75"]
[EventDate "2012.04.23"]
[EventType "swiss"]
[EventRounds "9"]
[EventCountry "MAS"]
[SourceTitle "CBM 148 Extra"]
[Source "ChessBase"]
[SourceDate "2012.06.22"]
[SourceVersion "1"]
[SourceVersionDate "2012.06.22"]
[SourceQuality "1"]

1. g3 g6 2. Bg2 Bg7 3. e4 d6 4. Ne2 Nf6 5. 0-0 0-0 6. d4 e5 7. h3 exd4 8. Nxd4 Re8 9. Re1 Nbd7 10. c4 Nc5 11. Nc3 Bd7 12. f3 Ne6 13. Nde2 Bc6 14. Be3 a5 15. Qc2 Nd7 16. Rad1 h5 17. f4 Kh7 18. Bf2 Re7 19. g4 hxg4 20. hxg4 Kg8 21. g5 Qf8 22. Nd5 Bxd5 23. cxd5 Nec5 24. e5 Rae8 25. Ng3 b6 26. Re3 Nxe5 27. fxe5 Bxe5 28. Ne4 Qg7 29. b3 Kf8 30. Nxc5 dxc5 31. Rf3 Bd6 32. a4 Kg8 33. Qd3 Re5 34. Rg3 Re2 35. Rg4 Qb2 36. Rf1 Rd2 37. Qf3 Ree2 38. Be3 1-0

[Event "Central Asia Cup 1st"]
[Site "Tashkent"]
[Date "2011.10.25"]
[Round "8"]
[White "Karimov, Ibragim"]
[Black "Djuraev, Sokhib"]
[Result "1-0"]
[WhiteElo "2313"]
[BlackElo "2381"]
[PlyCount "133"]
[EventDate "2011.10.18"]
[EventType "swiss"]
[EventRounds "9"]
[EventCountry "UZB"]
[SourceTitle "CBM 144 Extra"]
[Source "ChessBase"]
[SourceDate "2011.10.28"]
[SourceVersion "1"]
[SourceVersionDate "2011.10.28"]
[SourceQuality "1"]

1. d4 Nf6 2. c4 g6 3. Nc3 Bg7 4. Nf3 0-0 5. Bg5 d6 6. Qd2 Nbd7 7. g3 e5 8. Bg2 Re8 9. 0-0 c6 10. Rfd1 Qe7 11. d5 c5 12. e4 a6 13. a4 Qf8 14. h3 h6 15. Be3 Kh7 16. g4 Ng8 17. Qc2 Bf6 18. Ne2 Bd8 19. Ng3 Kh8 20. Ne1 Bg5 21. a5 Bxe3 22. fxe3 Qe7 23. Nf3 Ngf6 24. Rf1 Nh7 25. Rf2 Rf8 26. Nf1 Rb8 27. N1d2 Rg8 28. Kf1 b5 29. Ke2 b4 30. b3 Ndf6 31. Rg1 Bd7 32. Bf1 Rbf8 33. Rfg2 h5 34. Kd1 Qd8 35. Qa2 Rg7 36. Bd3 Qc8 37. g5 Ne8 38. h4 Bg4 39. Kc2 f6 40. Be2 fxg5 41. hxg5 Kg8 42. Qa1 Bh3 43. Rg3 Rgf7 44. Nh4 Rg7 45. Nxg6 Rxg6 46. Bxh5 Rg7 47. Rh1 Bd7 48. Qg1 Qd8 49. g6 Nhf6 50. Bf3 Qe7 51. Rg2 Bg4 52. Bxg4 Nxg4 53. Rxg4 Rf6 54. Rh6 Kf8 55. Rh8+ Rg8 56. Qh2 Qd7 57. Rg5 Qc7 58. Qh4 Qd7 59. Kd3 Qc7 60. Rgh5 Qg7 61. R8h6 Qe7 62. Rf5 Qg7 63. Rh7 Qxg6 64. Rh6 Rxf5 65. Rxg6 Rf7 66. Rxg8+ Kxg8 67. Qd8 1-0

[Event "Central Asia Cup 1st"]
[Site "Tashkent"]
[Date "2011.10.22"]
[Round "5"]
[White "Djuraev, Sokhib"]
[Black "Ismagambetov, Anuar"]
[Result "1/2-1/2"]
[WhiteElo "2381"]
[BlackElo "2500"]
[PlyCount "66"]
[EventDate "2011.10.18"]
[EventType "swiss"]
[EventRounds "9"]
[EventCountry "UZB"]
[SourceTitle "CBM 144 Extra"]
[Source "ChessBase"]
[SourceDate "2011.10.28"]
[SourceVersion "1"]
[SourceVersionDate "2011.10.28"]
[SourceQuality "1"]

1. e4 e5 2. Nf3 Nc6 3. Bb5 a6 4. Ba4 Nf6 5. 0-0 Be7 6. Re1 b5 7. Bb3 d6 8. a4 b4 9. c3 Rb8 10. h3 Na5 11. cxb4 Nxb3 12. Qxb3 c5 13. b5 Be6 14. Qd3 c4 15. Qc2 axb5 16. axb5 Nd7 17. d4 cxd3 18. Qxd3 Nc5 19. Qe2 Nb3 20. Ra6 Qc8 21. Rc6 Qb7 22. Na3 Bd7 23. Rc3 Nc5 24. Qc2 Bxb5 25. Nxb5 Qxb5 26. Be3 Ne6 27. Rc8+ Kd7 28. Rxh8 Rxh8 29. Ra1 Rc8 30. Ra7+ Rc7 31. Rxc7+ Nxc7 32. Nd2 Qc6 33. Nc4 Ke8 1/2-1/2